<?xml version="1.0" encoding="UTF-8"?>
<record
    xmlns:xsi="http://www.w3.org/2001/XMLSchema-instance"
    xsi:schemaLocation="http://www.loc.gov/MARC21/slim http://www.loc.gov/standards/marcxml/schema/MARC21slim.xsd"
    xmlns="http://www.loc.gov/MARC21/slim">

  <leader>01389nam2a2200241   4500</leader>
  <controlfield tag="001">RU\NLR\BIBL_A\022786547</controlfield>
  <controlfield tag="005">20260426073232.0</controlfield>
  <datafield tag="035" ind1=" " ind2=" ">
    <subfield code="a">(NLR Aleph) 022786547</subfield>
  </datafield>
  <datafield tag="090" ind1=" " ind2=" ">
    <subfield code="a">13693695</subfield>
    <subfield code="c">13693695</subfield>
  </datafield>
  <datafield tag="100" ind1=" " ind2=" ">
    <subfield code="a">20260416d2026    u  y0rusy50      ca</subfield>
  </datafield>
  <datafield tag="101" ind1="0" ind2=" ">
    <subfield code="a">rus</subfield>
  </datafield>
  <datafield tag="102" ind1=" " ind2=" ">
    <subfield code="a">RU</subfield>
  </datafield>
  <datafield tag="200" ind1="1" ind2=" ">
    <subfield code="a">&#x427;&#x435;&#x440;&#x43D;&#x43E;&#x43C;&#x43E;&#x440;&#x441;&#x43A;&#x438;&#x435; &#x433;&#x438;&#x434;&#x440;&#x43E;&#x43A;&#x440;&#x435;&#x439;&#x441;&#x435;&#x440;&#x430;</subfield>
    <subfield code="f">&#x420;. &#x418;&#x432;&#x430;&#x43D;&#x438;&#x447;&#x435;&#x43D;&#x43A;&#x43E;</subfield>
  </datafield>
  <datafield tag="210" ind1=" " ind2=" ">
    <subfield code="d">2026</subfield>
  </datafield>
  <datafield tag="461" ind1=" " ind2="0">
    <subfield code="1">001RU\NLR\INFOCOMM\1000090925</subfield>
    <subfield code="1">2001#$a&#x41C;&#x43E;&#x440;&#x441;&#x43A;&#x430;&#x44F; &#x43A;&#x43E;&#x43B;&#x43B;&#x435;&#x43A;&#x446;&#x438;&#x44F;$e&#x421;&#x43F;&#x440;&#x430;&#x432;. &#x43F;&#x43E; &#x43A;&#x43E;&#x440;&#x430;&#x431;. &#x441;&#x43E;&#x441;&#x442;&#x430;&#x432;&#x443;$e&#x41F;&#x440;&#x438;&#x43B;. &#x43A; &#x436;&#x443;&#x440;&#x43D;. "&#x41C;&#x43E;&#x434;&#x435;&#x43B;&#x438;&#x441;&#x442;-&#x43A;&#x43E;&#x43D;&#x441;&#x442;&#x440;&#x443;&#x43A;&#x442;&#x43E;&#x440;"$f&#x423;&#x447;&#x440;&#x435;&#x434;&#x438;&#x442;&#x435;&#x43B;&#x44C;: "&#x420;&#x435;&#x434;. &#x436;&#x443;&#x440;&#x43D;. "&#x41C;&#x43E;&#x434;&#x435;&#x43B;&#x438;&#x441;&#x442;-&#x43A;&#x43E;&#x43D;&#x441;&#x442;&#x440;&#x443;&#x43A;&#x442;&#x43E;&#x440;" &#x432; &#x444;&#x43E;&#x440;&#x43C;&#x435; &#x410;&#x41E;&#x417;&#x422;"$v2026, &#x2116; 2 (317)</subfield>
    <subfield code="9">3245256</subfield>
    <subfield code="c">&#x41C;.</subfield>
    <subfield code="d">1995-</subfield>
    <subfield code="f">&#x423;&#x447;&#x440;&#x435;&#x434;&#x438;&#x442;&#x435;&#x43B;&#x44C;: "&#x420;&#x435;&#x434;. &#x436;&#x443;&#x440;&#x43D;. "&#x41C;&#x43E;&#x434;&#x435;&#x43B;&#x438;&#x441;&#x442;-&#x43A;&#x43E;&#x43D;&#x441;&#x442;&#x440;&#x443;&#x43A;&#x442;&#x43E;&#x440;" &#x432; &#x444;&#x43E;&#x440;&#x43C;&#x435; &#x410;&#x41E;&#x417;&#x422;"</subfield>
    <subfield code="n">&#x420;&#x435;&#x434;. &#x436;&#x443;&#x440;&#x43D;. "&#x41C;&#x43E;&#x434;&#x435;&#x43B;&#x438;&#x441;&#x442;-&#x43A;&#x43E;&#x43D;&#x441;&#x442;&#x440;&#x443;&#x43A;&#x442;&#x43E;&#x440;" &#x432; &#x444;&#x43E;&#x440;&#x43C;&#x435; &#x410;&#x41E;&#x417;&#x422;</subfield>
    <subfield code="o">&#x421;&#x43F;&#x440;&#x430;&#x432;. &#x43F;&#x43E; &#x43A;&#x43E;&#x440;&#x430;&#x431;. &#x441;&#x43E;&#x441;&#x442;&#x430;&#x432;&#x443; : &#x41F;&#x440;&#x438;&#x43B;. &#x43A; &#x436;&#x443;&#x440;&#x43D;. "&#x41C;&#x43E;&#x434;&#x435;&#x43B;&#x438;&#x441;&#x442;-&#x43A;&#x43E;&#x43D;&#x441;&#x442;&#x440;&#x443;&#x43A;&#x442;&#x43E;&#x440;"</subfield>
    <subfield code="t">&#x41C;&#x43E;&#x440;&#x441;&#x43A;&#x430;&#x44F; &#x43A;&#x43E;&#x43B;&#x43B;&#x435;&#x43A;&#x446;&#x438;&#x44F;</subfield>
    <subfield code="v">2026, &#x2116; 2 (317)</subfield>
  </datafield>
  <datafield tag="606" ind1="1" ind2=" ">
    <subfield code="a">&#x413;&#x438;&#x434;&#x440;&#x43E;&#x430;&#x432;&#x438;&#x430;&#x43D;&#x43E;&#x441;&#x446;&#x44B;</subfield>
    <subfield code="x">&#x418;&#x441;&#x442;&#x43E;&#x440;&#x438;&#x44F;</subfield>
    <subfield code="y">&#x420;&#x43E;&#x441;&#x441;&#x438;&#x44F;</subfield>
    <subfield code="9">2705759</subfield>
    <subfield code="3">RU\NLR\AUTH\6601769428</subfield>
  </datafield>
  <datafield tag="686" ind1="1" ind2=" ">
    <subfield code="a">&#x426;661.12&#x433;(2)</subfield>
  </datafield>
  <datafield tag="700" ind1=" " ind2="1">
    <subfield code="a">&#x418;&#x432;&#x430;&#x43D;&#x438;&#x447;&#x435;&#x43D;&#x43A;&#x43E;</subfield>
    <subfield code="b">&#x420;.</subfield>
    <subfield code="g">&#x420;&#x430;&#x43D;&#x438;&#x441;</subfield>
  </datafield>
  <datafield tag="852" ind1=" " ind2=" ">
    <subfield code="a">NLR</subfield>
    <subfield code="j">&#x41F;11/3767</subfield>
  </datafield>
  <datafield tag="942" ind1=" " ind2=" ">
    <subfield code="c">ISSUE</subfield>
  </datafield>
  <datafield tag="980" ind1=" " ind2=" ">
    <subfield code="a">RUSPER</subfield>
  </datafield>
  <datafield tag="980" ind1=" " ind2=" ">
    <subfield code="a">NB</subfield>
  </datafield>
</record>
